|
|
|
|
| LEADER |
00620nab a2200181 i 4500 |
| 001 |
acta25950 |
| 005 |
20210225094356.0 |
| 008 |
161017s1967 hu o 0|| hun d |
| 022 |
|
|
|a 0544-7224
|
| 040 |
|
|
|a SZTE Egyetemi Kiadványok Repozitórium
|b hun
|
| 041 |
|
|
|a hun
|
| 100 |
1 |
|
|a Magi János
|
| 245 |
1 |
0 |
|a Írásbeli versenyfeladatok az orosz nyelv tanításában
|h [elektronikus dokumentum] /
|c Magi János
|
| 260 |
|
|
|c 1967
|
| 300 |
|
|
|a 300-304
|
| 490 |
0 |
|
|a Módszertani közlemények
|v 7 No. 4
|
| 695 |
|
|
|a Neveléstudomány
|
| 856 |
4 |
0 |
|u http://acta.bibl.u-szeged.hu/25950/1/modszertani_007_004_300-304.pdf
|z Dokumentum-elérés
|